Formulación y solución de casos de investigación de operaciones : un enfoque práctico
Guardado en:
| Hovedforfatter: | |
|---|---|
| Format: | Bog |
| Sprog: | Undetermined |
| Udgivet: |
San José, Costa Rica : Editorial de la Universidad de Costa Rica
2004.
|
| Udgivelse: | 1. edición |
| Fag: | |
| Tags: |
Tilføj Tag
Ingen Tags, Vær først til at tagge denne postø!
|
MARC
| LEADER | 00000nam a2200000Ia 4500 | ||
|---|---|---|---|
| 003 | 003875 | ||
| 005 | 20240320112249.0 | ||
| 008 | 140114s9999 xx 000 0 und d | ||
| 020 | |a 9977677468 | ||
| 040 | |c cru CEDI | ||
| 082 | |a 65.403.4 C845f | ||
| 100 | |a Coto Chinchilla, Elizabeth, 1953- |9 2727 | ||
| 245 | |a Formulación y solución de casos de investigación de operaciones : un enfoque práctico |c Elizabeth Coto de Morales | ||
| 250 | |a 1. edición | ||
| 260 | |a San José, Costa Rica : Editorial de la Universidad de Costa Rica |c 2004. | ||
| 300 | |a x, 139 páginas : ilustraciones | ||
| 650 | |x INVESTIGACION OPERACIONAL | ||
| 942 | |c LIBRO |h 658.403.4 C845f |i 003875 |6 658_403000000000000_4_C845F_003875 | ||
| 999 | |c 12754 |d 12754 | ||



